International Economics

Salvato in:
Dettagli Bibliografici
Autore principale: Lindert, Peter H.
Natura: Libro
Lingua:inglese
Pubblicazione: Homewood Irwin 1986
Edizione:8. ed.
Soggetti:
Tags: Aggiungi Tag
Nessun Tag, puoi essere il primo ad aggiungerne!!

MARC

LEADER 00000nam a2200000 4500
001 c000357
005 20221220073819.8
020 |a 0-256-03342-0 
041 0 |a eng 
044 |a US 
245 1 0 |a International Economics  |c Peter H. Lindert 
250 |a 8. ed. 
264 1 |a Homewood  |b Irwin  |c 1986 
300 |a 576 s.  |e príl. 
610 2 0 |a svet 
610 2 0 |a hospodárstvo svetové 
610 2 0 |a ekonómia 
610 2 0 |a obchod medzinárodný 
610 2 0 |a rast hospodársky 
610 2 0 |a politika obchodná 
610 2 0 |a tarify 
610 2 0 |a OPEC 
610 2 0 |a politika poľnohospodárska 
610 2 0 |a kurz výmenný 
610 2 0 |a financie medzinárodné 
610 2 0 |a pohyb síl pracovných medzinárodný 
610 2 0 |a zadlženosť zahraničná 
610 2 0 |a investície zahraničné 
100 1 |a Lindert, Peter H.